000 00728cam a22002292 4500
001 0000019378
005 20151021151133.0
008 101112s xx 000 0 eng d
020 _a0324664451 :
040 _aKABU
_cKABU
100 1 _aReeve, James M.
_@0000171042
245 1 0 _aPrinciples of financial accounting /
_cJames M. Reeve, Carl S. Warren, Jonathan E. Duchac.
250 _a11th ed.
260 _aMason, OH :
_bSouth-Western,
_c2009.
300 _axxxi, 816 p.
650 0 _aAccounting.
_@0000148321
700 1 _aWarren, Carl S.
_@0000160705
700 1 _aDuchac, Jonathan E.
_@0000171043
852 1 _9p4680 KES
908 _a101112
950 _@1
999 _c1073
_d1073